[Event "Bled Planinc Memorial 1st"]
[Site "Bled"]
[Date "2018.11.24"]
[Round "6"]
[White "Borisek, Jure"]
[Black "Parrella, Alfredo"]
[Result "1-0"]
[WhiteElo "2577"]
[BlackElo "2123"]
[PlyCount "71"]
[EventDate "2018.11.24"]
[EventType "swiss (blitz)"]
[EventRounds "9"]
[EventCountry "SLO"]
[SourceTitle "CBM 187 Extra"]
[Source "ChessBase"]
[SourceDate "2018.11.04"]
[SourceVersion "1"]
[SourceVersionDate "2018.11.04"]
[SourceQuality "1"]

1. e4 c5 2. Nf3 d6 3. d4 cxd4 4. Nxd4 Nf6 5. Nc3 a6 6. Be3 e5 7. Nb3 Be6 8. f3 h5 9. Qd2 Nbd7 10. Nd5 Nxd5 11. exd5 Bf5 12. Na5 Qc7 13. c4 Be7 14. Be2 Bh4+ 15. g3 Bd8 16. b4 Be7 17. Rc1 0-0 18. 0-0 h4 19. g4 Bg6 20. h3 f5 21. Rfd1 f4 22. Bf2 e4 23. Bd4 Bf6 24. Bxf6 Rxf6 25. c5 Ne5 26. cxd6 Qxd6 27. Nxb7 Qb6+ 28. Nc5 exf3 29. Bf1 a5 30. Qd4 Nf7 31. b5 Rd8 32. a4 Ng5 33. Qf2 Rfd6 34. Nd3 Qe3 35. Nb2 Kh7 36. Nc4 1-0

[Event "Padova op-A 16th"]
[Site "Padova"]
[Date "2013.12.15"]
[Round "1"]
[White "Parrella, Alfredo"]
[Black "Lazic, Miroljub"]
[Result "0-1"]
[WhiteElo "2103"]
[BlackElo "2461"]
[PlyCount "68"]
[EventDate "2013.12.15"]
[EventType "swiss"]
[EventRounds "9"]
[EventCountry "ITA"]
[SourceTitle "CBM 158 Extra"]
[Source "ChessBase"]
[SourceDate "2014.02.28"]
[SourceVersion "1"]
[SourceVersionDate "2014.02.28"]
[SourceQuality "1"]

1. c4 e5 2. g3 Nc6 3. Nc3 g6 4. Bg2 Bg7 5. e4 d6 6. Nge2 Be6 7. d3 Qd7 8. Nd5 Nce7 9. d4 c6 10. Nxe7 Nxe7 11. d5 Bh3 12. 0-0 h5 13. Bxh3 Qxh3 14. Kh1 h4 15. Ng1 Qd7 16. g4 b5 17. b3 c5 18. cxb5 Qxb5 19. Be3 f5 20. f3 h3 21. Qd2 Kd7 22. Ne2 Raf8 23. Bg5 Bf6 24. Be3 Rf7 25. Nc3 Qa6 26. Qe2 Qxe2 27. Nxe2 Nc8 28. Nc3 Bd8 29. Bd2 Ba5 30. Rad1 Rhf8 31. Nb1 Bxd2 32. Nxd2 fxg4 33. fxg4 Rf2 34. a4 Rxd2 0-1

[Event "Porto San Giorgio op 24th"]
[Site "Porto San Giorgio"]
[Date "2013.08.21"]
[Round "1"]
[White "Parrella, Alfredo"]
[Black "Naumkin, Igor"]
[Result "0-1"]
[WhiteElo "2072"]
[BlackElo "2445"]
[PlyCount "40"]
[EventDate "2013.08.21"]
[EventType "swiss"]
[EventRounds "9"]
[EventCountry "ITA"]
[SourceTitle "CBM 156 Extra"]
[Source "ChessBase"]
[SourceDate "2013.10.22"]
[SourceVersion "1"]
[SourceVersionDate "2013.10.22"]
[SourceQuality "1"]

1. e4 e6 2. d4 d5 3. Nd2 a6 4. Bd3 c5 5. dxc5 Bxc5 6. Ngf3 Nc6 7. a3 Nge7 8. b4 Ba7 9. Bb2 0-0 10. Qe2 Ng6 11. g3 Qc7 12. 0-0 h6 13. e5 b5 14. Nb3 Bb7 15. Rfe1 d4 16. h4 f5 17. c4 dxc3 18. Bxc3 Nce7 19. Rac1 Qc6 20. Nbd4 Bxd4 0-1

[Event "ITA-ch sf 73rd"]
[Site "Civitanova Marche"]
[Date "2013.07.26"]
[Round "7"]
[White "Rambaldi, Francesco"]
[Black "Parrella, Alfredo"]
[Result "1/2-1/2"]
[WhiteElo "2347"]
[BlackElo "2072"]
[PlyCount "119"]
[EventDate "2013.07.20"]
[EventType "swiss"]
[EventRounds "9"]
[EventCountry "ITA"]
[SourceTitle "EXT 2015"]
[Source "ChessBase"]
[SourceDate "2014.11.20"]
[SourceVersion "1"]
[SourceVersionDate "2014.11.20"]
[SourceQuality "1"]

1. e4 c5 2. Nf3 Nc6 3. Bb5 g6 4. Bxc6 dxc6 5. d3 Bg7 6. h3 Nf6 7. Nc3 0-0 8. Be3 b6 9. Qd2 Ne8 10. Bh6 f6 11. 0-0 Nd6 12. Bxg7 Kxg7 13. Nh2 Nf7 14. f4 Qd4+ 15. Kh1 Bd7 16. Nf3 Qd6 17. e5 fxe5 18. Ne4 Qd5 19. fxe5 Be6 20. b3 h6 21. Rae1 Nh8 22. Qe3 Rad8 23. Nc3 Qd7 24. Ne4 Rf7 25. Nh2 Rdf8 26. Rxf7+ Rxf7 27. a4 Qd4 28. Qe2 Qd7 29. Nf3 Rf5 30. Qe3 Rf8 31. Nh4 Qd4 32. Qe2 Qd7 33. Kh2 Rf4 34. Nf3 Rf8 35. Qe3 Rd8 36. Nc3 Rf8 37. Ne2 g5 38. h4 g4 39. Nd2 Ng6 40. g3 Rf5 41. Nf4 Rxe5 42. Ne4 Bd5 43. Rf1 Rf5 44. Nd2 Nxf4 45. gxf4 Qe6 46. Qxe6 Bxe6 47. Kg3 h5 48. Re1 Kf7 49. Ne4 Bd7 50. Ra1 Rd5 51. Nc3 Rd4 52. Re1 Bf5 53. Nd1 e6 54. Nb2 b5 55. Ra1 Rd7 56. Re1 Kf6 57. Re5 Rd5 58. Re1 Rd7 59. Re5 Rd5 60. Re1 1/2-1/2

[Event "Padova op 15th"]
[Site "Padova"]
[Date "2012.12.16"]
[Round "1"]
[White "Parrella, Alfredo"]
[Black "Naumkin, Igor"]
[Result "0-1"]
[WhiteElo "2086"]
[BlackElo "2500"]
[PlyCount "80"]
[EventDate "2012.12.16"]
[EventType "swiss"]
[EventRounds "9"]
[EventCountry "ITA"]
[SourceTitle "EXT 2014"]
[Source "ChessBase"]
[SourceDate "2013.11.20"]
[SourceVersion "1"]
[SourceVersionDate "2013.11.20"]
[SourceQuality "1"]

1. d4 Nf6 2. c4 e6 3. Nc3 Bb4 4. Qc2 0-0 5. a3 Bxc3+ 6. Qxc3 d6 7. g3 e5 8. dxe5 dxe5 9. Bg2 Nc6 10. Bg5 h6 11. Rd1 Nd4 12. Bxf6 Qxf6 13. Nf3 c5 14. Rd2 Bg4 15. Nxd4 exd4 16. Qc2 Rad8 17. Qd3 Rfe8 18. 0-0 b6 19. Re1 Rd7 20. b4 Rde7 21. h3 Bh5 22. Rb2 Re5 23. bxc5 bxc5 24. Bd5 Bg6 25. Qd2 Be4 26. Bxe4 Rxe4 27. Qd3 Qg6 28. Kg2 h5 29. f3 Rxe2+ 30. Qxe2 Rxe2+ 31. Rexe2 h4 32. g4 Qd6 33. Kf1 Qf4 34. Rf2 d3 35. Rbd2 Qxc4 36. f4 Qe4 37. Kg1 c4 38. Rd1 c3 39. Rdf1 d2 40. Kh2 Qd4 0-1

[Event "ITA-ch sf 72nd"]
[Site "Civitanova Marche"]
[Date "2012.07.20"]
[Round "7"]
[White "Parrella, Alfredo"]
[Black "Astengo, Marcello"]
[Result "1-0"]
[WhiteElo "2101"]
[BlackElo "2033"]
[PlyCount "75"]
[EventDate "2012.07.15"]
[EventType "swiss"]
[EventRounds "9"]
[EventCountry "ITA"]
[SourceTitle "EXT 2013"]
[Source "ChessBase"]
[SourceDate "2012.11.22"]
[SourceVersion "1"]
[SourceVersionDate "2012.11.22"]
[SourceQuality "1"]

1. c4 e6 2. g3 d5 3. Bg2 Nf6 4. Nf3 Be7 5. 0-0 0-0 6. d4 c6 7. Qc2 Nbd7 8. Nbd2 Re8 9. e4 dxe4 10. Nxe4 Nxe4 11. Qxe4 Bf6 12. Rd1 Qb6 13. Ne5 Rd8 14. Nf3 Nf8 15. c5 Qb4 16. Qc2 Qa5 17. Bf4 Ng6 18. Be3 Bd7 19. h4 Be8 20. Bf1 e5 21. h5 exd4 22. Bd2 Qc7 23. hxg6 hxg6 24. Bf4 Qd7 25. Bd6 Qg4 26. Be2 b6 27. Nxd4 Qh3 28. Bf3 bxc5 29. Bxc5 Be5 30. Bg2 Qg4 31. Nf3 Bc7 32. Rac1 Bd7 33. Rd4 Qh5 34. Rh4 Qd5 35. Qc4 Qf5 36. Nd4 Qg5 37. Re4 Be5 38. Nf3 1-0

[Event "ITA-ch sf 71st"]
[Site "Acqui Terme"]
[Date "2011.07.21"]
[Round "6"]
[White "Parrella, Alfredo"]
[Black "Altini, Nicola"]
[Result "0-1"]
[WhiteElo "2051"]
[BlackElo "2201"]
[PlyCount "54"]
[EventDate "2011.07.17"]
[EventType "swiss"]
[EventRounds "9"]
[EventCountry "ITA"]
[SourceTitle "EXT 2013"]
[Source "ChessBase"]
[SourceDate "2012.11.22"]
[SourceVersion "1"]
[SourceVersionDate "2012.11.22"]
[SourceQuality "1"]

1. d4 d5 2. c4 c6 3. Nf3 Nf6 4. Nc3 dxc4 5. a4 Bf5 6. Ne5 Nbd7 7. Nxc4 Qc7 8. Qd2 Bg6 9. f3 Nb6 10. e4 Nxc4 11. Bxc4 e5 12. d5 Bc5 13. dxc6 bxc6 14. a5 0-0 15. Qe2 Nh5 16. g3 Rab8 17. Kf1 Kh8 18. Kg2 Qc8 19. Ba6 Qe6 20. Qc4 Qe7 21. Ne2 Rb4 22. Qc2 f5 23. exf5 Bxf5 24. Bd3 e4 25. fxe4 Bxe4+ 26. Bxe4 Rf2+ 27. Kh3 Rxe4 0-1

[Event "ITA-ch sf 71st"]
[Site "Acqui Terme"]
[Date "2011.07.18"]
[Round "2"]
[White "Bentivegna, Francesco"]
[Black "Parrella, Alfredo"]
[Result "1-0"]
[WhiteElo "2348"]
[BlackElo "2051"]
[PlyCount "75"]
[EventDate "2011.07.17"]
[EventType "swiss"]
[EventRounds "9"]
[EventCountry "ITA"]
[SourceTitle "EXT 2013"]
[Source "ChessBase"]
[SourceDate "2012.11.22"]
[SourceVersion "1"]
[SourceVersionDate "2012.11.22"]
[SourceQuality "1"]

1. e4 c5 2. c3 Nf6 3. e5 Nd5 4. d4 cxd4 5. Nf3 d6 6. cxd4 Nc6 7. Bc4 Nb6 8. Bb5 d5 9. Nc3 Bf5 10. Nh4 Bd7 11. f4 e6 12. Nf3 h5 13. 0-0 Rc8 14. Kh1 g6 15. Be3 Nb4 16. Be2 a6 17. Nd2 Nc6 18. Rc1 Na5 19. Rc2 Nac4 20. Nxc4 Nxc4 21. Bc1 b5 22. Bd3 Be7 23. Qf3 Bc6 24. Ne2 Bd7 25. Ng1 Qb6 26. b3 Na5 27. Rxc8+ Bxc8 28. Be3 Nc6 29. Nh3 Bd7 30. Ng5 Nd8 31. Rc1 b4 32. Qd1 Bb5 33. Bb1 Kf8 34. Qc2 Kg7 35. Nxf7 Kxf7 36. Qxg6+ Kf8 37. f5 Nf7 38. fxe6 1-0

[Event "Bisaccia op 2nd"]
[Site "Bisaccia"]
[Date "2010.05.29"]
[Round "1"]
[White "Cardone, Andrea"]
[Black "Parrella, Alfredo"]
[Result "0-1"]
[WhiteElo "1503"]
[BlackElo "2046"]
[PlyCount "78"]
[EventDate "2010.05.29"]
[EventType "swiss"]
[EventRounds "7"]
[EventCountry "ITA"]
[SourceTitle "EXT 2024"]
[Source "ChessBase"]
[SourceDate "2023.10.10"]
[SourceVersion "1"]
[SourceVersionDate "2023.10.10"]
[SourceQuality "1"]

1. d4 Nf6 2. c4 c6 3. Nc3 d5 4. Nf3 e6 5. c5 b6 6. b4 a5 7. Ba3 axb4 8. Bxb4 Na6 9. a3 bxc5 10. dxc5 Bxc5 11. Bxc5 Nxc5 12. e3 Qa5 13. Qc2 Nce4 14. Rc1 0-0 15. Be2 c5 16. 0-0 Nxc3 17. Qxc3 Qxc3 18. Rxc3 Ne4 19. Rc2 Rxa3 20. Rfc1 Bd7 21. Rb2 Rc8 22. Rb7 Bc6 23. Rb6 Nc3 24. Bf1 Be8 25. h3 c4 26. Nd4 Ne4 27. Nc2 Rc3 28. Be2 Ba4 29. Bd1 Nc5 30. Rcb1 Bxc2 31. Rb8 Rf8 32. Rxf8+ Kxf8 33. Rc1 Bxd1 34. Rxc3 Bb3 35. f3 Nd3 36. Kf1 e5 37. Ke2 d4 38. exd4 exd4 39. Rxb3 Nc1+ 0-1

[Event "ITA-ch sf 69th"]
[Site "Arvier"]
[Date "2009.09.29"]
[Round "4"]
[White "Parrella, Alfredo"]
[Black "Molina, Fabrizio"]
[Result "0-1"]
[WhiteElo "2089"]
[BlackElo "2239"]
[PlyCount "120"]
[EventDate "2009.09.26"]
[EventType "swiss"]
[EventRounds "9"]
[EventCountry "ITA"]
[SourceTitle "CBM 132 Extra"]
[Source "ChessBase"]
[SourceDate "2009.11.03"]
[SourceVersion "1"]
[SourceVersionDate "2009.11.03"]
[SourceQuality "1"]

1. e4 d6 2. d4 Nf6 3. Nc3 e5 4. Nf3 Nbd7 5. Bc4 Be7 6. 0-0 0-0 7. Re1 c6 8. a4 b6 9. d5 cxd5 10. Nxd5 Nxd5 11. Bxd5 Rb8 12. b3 Nf6 13. Ba3 Nxd5 14. Qxd5 Bb7 15. Qd3 f5 16. Nd2 fxe4 17. Nxe4 d5 18. Bxe7 Qxe7 19. Ng3 Qf6 20. f3 Rbe8 21. Qe3 a5 22. Rad1 g6 23. Qh6 Qe7 24. Qe3 Qb4 25. Qd2 Qc5+ 26. Qe3 Qc7 27. Rd2 Re7 28. Kh1 Qc6 29. Qg5 Qf6 30. Qxf6 Rxf6 31. Kg1 Kg7 32. Nf1 Rfe6 33. Ne3 d4 34. Ng4 h5 35. Nf2 g5 36. Ne4 Kg6 37. Nf2 Kf6 38. Ne4+ Kg6 39. Nf2 Rc7 40. Nd3 Kf5 41. Nb2 Ba6 42. Kf2 Rec6 43. Rc1 Rc3 44. Nc4 Bxc4 45. bxc4 R7xc4 46. Ke2 Re3+ 47. Kd1 Rxa4 48. Rb1 b5 49. Kc1 b4 50. Kb2 Raa3 51. Ra1 Rxa1 52. Kxa1 g4 53. fxg4+ hxg4 54. Kb2 Ke4 55. Ka2 Ra3+ 56. Kb2 Ke3 57. Rd1 Kf2 58. Rd2+ Ke1 59. Rd3 Rxd3 60. cxd3 Kf2 0-1

[Event "ITA-ch sf 69th"]
[Site "Arvier"]
[Date "2009.09.26"]
[Round "1"]
[White "Parrella, Alfredo"]
[Black "Valsecchi, Alessio"]
[Result "0-1"]
[WhiteElo "2089"]
[BlackElo "2361"]
[PlyCount "126"]
[EventDate "2009.09.26"]
[EventType "swiss"]
[EventRounds "9"]
[EventCountry "ITA"]
[SourceTitle "CBM 132 Extra"]
[Source "ChessBase"]
[SourceDate "2009.11.03"]
[SourceVersion "1"]
[SourceVersionDate "2009.11.03"]
[SourceQuality "1"]

1. d4 Nf6 2. c4 c5 3. d5 e6 4. Nc3 exd5 5. cxd5 d6 6. e4 g6 7. f4 Bg7 8. Bb5+ Nfd7 9. a4 0-0 10. Nf3 a6 11. Bd3 Qc7 12. 0-0 c4 13. Bc2 Re8 14. Ra3 Nf6 15. h3 Nbd7 16. Re1 Rb8 17. a5 b5 18. axb6 Qxb6+ 19. Kh2 Nh5 20. Re2 Nc5 21. Na4 Nxa4 22. Bxa4 Rd8 23. Bc6 a5 24. Qa4 Ba6 25. Qxa5 c3 26. Qxa6 cxb2 27. Bxb2 Bxb2 28. Qxb6 Rxb6 29. Ra2 Bc1 30. g3 Rb3 31. Kg2 Rdb8 32. Rec2 Rxf3 33. Kxf3 Rb3+ 34. Kf2 Be3+ 35. Kg2 Bb6 36. f5 Rxg3+ 37. Kh2 Bg1+ 38. Kh1 Bd4 39. fxg6 hxg6 40. Bd7 Nf6 41. Ra4 Rg1+ 42. Kh2 Rd1 43. Bg4 Rd3 44. Re2 Kg7 45. Kg2 Kh6 46. Rc4 Kg5 47. Rc7 Nxg4 48. hxg4 f6 49. Rg7 Be5 50. Rg8 Rg3+ 51. Kh1 Rxg4 52. Rg2 Bg3 53. Kg1 Kf4 54. Re8 Kf3 55. Kf1 Be5 56. Rxg4 Kxg4 57. Ke2 Kf4 58. Kd3 g5 59. Rg8 Kf3 60. Ra8 g4 61. Rc8 g3 62. Rc2 g2 63. Rc1 Bh2 0-1

[Event "Campobasso op 16th"]
[Site "Campobasso"]
[Date "2009.07.25"]
[Round "3"]
[White "Messina, Enrico"]
[Black "Parrella, Alfredo"]
[Result "1-0"]
[WhiteElo "2110"]
[BlackElo "2099"]
[PlyCount "59"]
[EventDate "2009.07.24"]
[EventType "swiss"]
[EventRounds "6"]
[EventCountry "ITA"]
[SourceTitle "EXT 2012"]
[Source "ChessBase"]
[SourceDate "2011.11.24"]
[SourceVersion "1"]
[SourceVersionDate "2011.11.24"]
[SourceQuality "1"]

1. e4 e5 2. d4 Nc6 3. dxe5 Nxe5 4. Nf3 Nxf3+ 5. Qxf3 Qf6 6. Qg3 Bb4+ 7. c3 Bd6 8. f4 Qg6 9. Nd2 Bc5 10. Bd3 a5 11. e5 f5 12. Bxf5 Qxf5 13. Qxg7 Ra6 14. Qxh8 Kf8 15. g4 Qd3 16. f5 Rh6 17. f6 Rg6 18. Qxh7 b6 19. f7 Qe3+ 20. Kd1 Ba6 21. fxg8Q+ Rxg8 22. Re1 Qg5 23. Qf5+ Qxf5 24. gxf5 Rg2 25. Ne4 Bg1 26. Bh6+ Kg8 27. Nf6+ Kh8 28. Nxd7 Bf2 29. f6 Bxe1 30. f7 1-0

[Event "Cutro op-A 15th"]
[Site "Cutro"]
[Date "2009.04.25"]
[Round "8"]
[White "Blasco, Domenico"]
[Black "Parrella, Alfredo"]
[Result "1/2-1/2"]
[WhiteElo "1989"]
[BlackElo "2093"]
[PlyCount "57"]
[EventDate "2009.04.18"]
[EventType "swiss"]
[EventRounds "9"]
[EventCountry "ITA"]
[SourceTitle "CBM 129 Extra"]
[Source "ChessBase"]
[SourceDate "2009.05.05"]
[SourceVersion "2"]
[SourceVersionDate "2009.05.20"]
[SourceQuality "1"]

1. d4 Nf6 2. Nf3 d5 3. e3 Bg4 4. Be2 e6 5. 0-0 Bd6 6. c4 dxc4 7. Qa4+ Nc6 8. Nc3 0-0 9. Qxc4 a6 10. a3 e5 11. d5 b5 12. Qa2 e4 13. dxc6 exf3 14. Bxf3 Bxf3 15. gxf3 Qe8 16. e4 Qxc6 17. Bg5 Be5 18. Rac1 Qb6 19. Rfd1 h6 20. Be3 Qb7 21. Nd5 c6 22. Nxf6+ Bxf6 23. b4 Rfd8 24. Rxd8+ Rxd8 25. Qc2 Rc8 26. Rd1 Rd8 27. Rc1 Rc8 28. Rd1 Rd8 29. Rc1 1/2-1/2